000
00180 a2200085 4500
020
_a
978-8412878004
100
_a
EDGAR DEMELLO
245
_a
FIVE ARCHITECTURE FABLES
260
_c
2024
999
_c
13169
_d
13169